Malayshīȧ ke khilāf Inḍonishiyā kī muḥāẓ ārāʼi. (Record no. 70050)

MARC details
000 -LEADER
fixed length control field 00702cam a22002411 4500
001 - CONTROL NUMBER
control field sa 66005618
003 - CONTROL NUMBER IDENTIFIER
control field DLC
005 - DATE AND TIME OF LATEST TRANSACTION
control field 20260227112250.0
008 - FIXED-LENGTH DATA ELEMENTS--GENERAL INFORMATION
fixed length control field 890403s1965 xx 000 0 urdo
010 ## - LIBRARY OF CONGRESS CONTROL NUMBER
LC control number sa 66005618
035 ## - SYSTEM CONTROL NUMBER
System control number (OCoLC)23568326
040 ## - CATALOGING SOURCE
Original cataloging agency DLC
Transcribing agency MiU
Modifying agency DLC
042 ## - AUTHENTICATION CODE
Authentication code premarc
043 ## - GEOGRAPHIC AREA CODE
Geographic area code a-io---
-- a-my---
050 00 - LIBRARY OF CONGRESS CALL NUMBER
Classification number DS640.M34
Item number Q8
100 1# - MAIN ENTRY--PERSONAL NAME
Personal name Quadri, Noor Ahmad,
Dates associated with a name 1922-
245 10 - TITLE STATEMENT
Title Malayshīȧ ke khilāf Inḍonishiyā kī muḥāẓ ārāʼi.
260 ## - PUBLICATION, DISTRIBUTION, ETC.
Date of publication, distribution, etc. 1965.
300 ## - PHYSICAL DESCRIPTION
Extent 77 p.
Other physical details illus., fold. col. maps, ports.
Dimensions 19 cm.
500 ## - GENERAL NOTE
General note Romanized.
651 #0 - SUBJECT ADDED ENTRY--GEOGRAPHIC NAME
Geographic name Indonesia
General subdivision Foreign relations
Geographic subdivision Malaysia.
651 #0 - SUBJECT ADDED ENTRY--GEOGRAPHIC NAME
Geographic name Malaysia
General subdivision Foreign relations
Geographic subdivision Indonesia.

No items available.

Powered by Koha